|
|
|
|
| LEADER |
00000naa2a2200000 4500 |
| 001 |
604034 |
| 005 |
20260205133756.0 |
| 035 |
|
|
|a (RuTPU)RU\TPU\conf\1285
|
| 035 |
|
|
|a RU\TPU\conf\1284
|
| 090 |
|
|
|a 604034
|
| 100 |
|
|
|a 20140219d2013 k y0rusy50 ca
|
| 101 |
0 |
|
|a rus
|
| 102 |
|
|
|a RU
|
| 135 |
|
|
|a drcn ---uucaa
|
| 181 |
|
0 |
|a i
|
| 182 |
|
0 |
|a b
|
| 200 |
1 |
|
|a Деятельность туроператоров и турагентов: специфика и отличия
|f А. В. Жилинская, А. Н. Кожевникова
|
| 203 |
|
|
|a Текст
|c электронный
|
| 215 |
|
|
|a 1 файл(385 Кб)
|
| 225 |
1 |
|
|a Формирование имиджа региона как способ повышения его инвестиционной привлекательности
|
| 300 |
|
|
|a Заглавие с экрана
|
| 320 |
|
|
|a [Библиогр.: с. 29 (5 назв.)]
|
| 337 |
|
|
|a Adobe Reader
|
| 463 |
|
1 |
|0 (RuTPU)RU\TPU\conf\1007
|t Трансформация научных парадигм и коммуникативные практики в информационном социуме
|o сборник научных трудов VI Всероссийской научно-практической конференции студентов и молодых ученых, г. Томск, 5-6 декабря 2013 г.
|f Национальный исследовательский Томский политехнический университет (ТПУ), Институт социально-гуманитарных технологий (ИСГТ) ; под ред. В. И. Турнаева и др.
|v [С. 28-29]
|d 2013
|
| 610 |
1 |
|
|a электронный ресурс
|
| 610 |
1 |
|
|a труды учёных ТПУ
|
| 610 |
1 |
|
|a деятельность
|
| 610 |
1 |
|
|a туроператоры
|
| 610 |
1 |
|
|a турагенты
|
| 610 |
1 |
|
|a специфика
|
| 610 |
1 |
|
|a отличия
|
| 700 |
|
1 |
|a Жилинская
|b А. В.
|
| 701 |
|
1 |
|a Кожевникова
|b А. Н.
|
| 801 |
|
1 |
|a RU
|b 63413507
|c 20101016
|
| 801 |
|
2 |
|a RU
|b 63413507
|c 20230328
|g RCR
|
| 856 |
4 |
|
|u http://www.lib.tpu.ru/fulltext/c/2013/C26/012.pdf
|
| 942 |
|
|
|c CF
|